Bounds of possibility (Record no. 81181)

MARC details
000 -LEADER
fixed length control field 01029nam a2200229 a 4500
008 - FIXED-LENGTH DATA ELEMENTS--GENERAL INFORMATION
fixed length control field 120416s1992 ||||||||||||||||| || u
020 ## - INTERNATIONAL STANDARD BOOK NUMBER
International Standard Book Number 1856490483
050 ## - LIBRARY OF CONGRESS CALL NUMBER
Classification number DT 8099.B4 Bou
100 ## - MAIN ENTRY--PERSONAL NAME
Personal name Pityana, N. Barney
245 10 - TITLE STATEMENT
Title Bounds of possibility
Statement of responsibility, etc. edited by N. Barney Pityana
246 ## -
-- the legacy of Steve Biko & black consciousness
260 ## - PUBLICATION, DISTRIBUTION, ETC.
Place of publication, distribution, etc. London
Name of publisher, distributor, etc. Zed Books
Date of publication, distribution, etc. 1992
300 ## - PHYSICAL DESCRIPTION
Extent viii, 264 p.
350 ## -
-- 0.00
500 ## - GENERAL NOTE
General note Bibliography.
650 ## - SUBJECT ADDED ENTRY--TOPICAL TERM
Topical term or geographic name entry element APARTHEID--SOUTH AFRICA
650 ## - SUBJECT ADDED ENTRY--TOPICAL TERM
Topical term or geographic name entry element CIVIL RIGHTS WORKERS--SOULTH AFRICA-- BIOGRAPHY
650 ## - SUBJECT ADDED ENTRY--TOPICAL TERM
Topical term or geographic name entry element BLACKS--SOUTH AFRICA--POLITICS AND GOVERNMENT
650 ## - SUBJECT ADDED ENTRY--TOPICAL TERM
Topical term or geographic name entry element SOUTH AFRICA--POLITICS AND GOVERNMENT
995 ## -
-- MAIN LIBRARY OPEN ACCESS
-- 0.00
-- 723974
-- CBU-MAIN LIBRARY (Kitwe)
-- 1
-- 10.50
-- DT 8099.B4 Bou
-- 1
-- AVAILABLE
-- Sep 8, 2006
-- 001062
-- Main Library Open Access Collection
995 ## -
-- MAIN LIBRARY OPEN ACCESS
-- 0.00
-- 723975
-- CBU-MAIN LIBRARY (Kitwe)
-- 2
-- 10.50
-- DT 8099.B4 Bou
-- 1
-- AVAILABLE
-- Sep 8, 2006
-- 001063
-- Main Library Open Access Collection
999 ## -
-- 81181
-- 81181
Holdings
Withdrawn status Lost status Source of classification or shelving scheme Damaged status Not for loan Permanent Location Current Location Shelving location Date acquired Total Checkouts Full call number Barcode Date last seen Copy number Price effective from Koha item type
          CBU-MAIN LIBRARY, KITWE. CBU-MAIN LIBRARY, KITWE.   07/19/2023   DT 8099.B4 Bou 001062 07/19/2023 1 07/19/2023 MONOGRAPH
          CBU-MAIN LIBRARY, KITWE. CBU-MAIN LIBRARY, KITWE.   07/19/2023   DT 8099.B4 Bou 001063 07/19/2023 2 07/19/2023 MONOGRAPH